[Event "FRA-chT4 0304"]
[Site "Bretagne"]
[Date "2004.01.18"]
[Round "4"]
[White "Ragot, Martin"]
[Black "Hydouin, Jean"]
[Result "0-1"]
[WhiteElo "1840"]
[BlackElo "2010"]
[PlyCount "76"]
[EventDate "2003.10.12"]
[EventType "team"]
[EventRounds "9"]
[EventCountry "FRA"]
[SourceTitle "EXT 2005"]
[Source "ChessBase"]
[SourceDate "2004.11.15"]
[SourceVersion "1"]
[SourceVersionDate "2004.11.15"]
[SourceQuality "1"]

1. e4 c5 2. d3 Nc6 3. g3 g6 4. Bg2 Bg7 5. c3 e6 6. f4 Nge7 7. Nf3 d5 8. 0-0 0-0 9. Qe2 b5 10. Be3 c4 11. e5 cxd3 12. Qxd3 a5 13. Rd1 Ba6 14. Qd2 b4 15. Bc5 Re8 16. cxb4 axb4 17. Kh1 Qa5 18. Qf2 Rab8 19. Nbd2 f6 20. Bd6 Rbd8 21. Nb3 Qa4 22. Nc5 Qa5 23. Nb3 Qa4 24. Nc5 Qa5 25. Nxe6 Rd7 26. Nc5 Rdd8 27. a3 Qb6 28. axb4 Nxb4 29. Qd2 fxe5 30. Nxa6 Nxa6 31. fxe5 Nc5 32. Qd4 Rxd6 33. Ng5 h6 34. Qf2 Rf8 35. Qe3 Rdd8 36. Nf3 Nf5 37. Qe2 Ne4 38. Rf1 Nexg3+ 0-1

[Event "FRA-chT4 0304"]
[Site "Bretagne"]
[Date "2003.12.07"]
[Round "3"]
[White "Ragot, Martin"]
[Black "Prioul, Jean"]
[Result "1-0"]
[WhiteElo "1840"]
[BlackElo "1910"]
[PlyCount "105"]
[EventDate "2003.10.12"]
[EventType "team"]
[EventRounds "9"]
[EventCountry "FRA"]
[SourceTitle "EXT 2005"]
[Source "ChessBase"]
[SourceDate "2004.11.15"]
[SourceVersion "1"]
[SourceVersionDate "2004.11.15"]
[SourceQuality "1"]

1. e4 d6 2. d4 Nf6 3. Nc3 g6 4. f4 Bg7 5. Nf3 c5 6. Be3 Qa5 7. Bd3 cxd4 8. Bxd4 Nc6 9. 0-0 Nxd4 10. Nxd4 Qc5 11. Bb5+ Nd7 12. e5 dxe5 13. fxe5 Bxe5 14. Nce2 Bxd4+ 15. Qxd4 Qxd4+ 16. Nxd4 a6 17. Bc4 e6 18. Rae1 0-0 19. Rf2 b5 20. Bb3 Nc5 21. c3 Nxb3 22. Nxb3 Bb7 23. Nc5 Bd5 24. a3 Rfd8 25. Ref1 f5 26. Re1 Kf7 27. h4 a5 28. g4 Rac8 29. Nd3 Bb7 30. Nf4 Rc4 31. Nxe6 Rxg4+ 32. Kf1 Rd7 33. Nc5 Rc7 34. Ne6 Re7 35. Nd8+ Kf8 36. Rxe7 Kxe7 37. Nxb7 Rxh4 38. Nxa5 h5 39. Nc6+ Kd6 40. Nd4 Kc5 41. Rg2 Rg4 42. Rxg4 fxg4 43. b3 h4 44. Kf2 Kb6 45. Ne6 Kc6 46. Nf4 g5 47. Ne6 g3+ 48. Kg2 g4 49. Nd4+ Kd5 50. Nxb5 Ke4 51. Nd4 Kf4 52. Ne2+ Ke3 53. Nxg3 1-0

[Event "FRA-chT4 0304"]
[Site "Bretagne"]
[Date "2003.10.12"]
[Round "1"]
[White "Ragot, Martin"]
[Black "Landais, Romain"]
[Result "1-0"]
[WhiteElo "1840"]
[BlackElo "1810"]
[PlyCount "97"]
[EventDate "2003.10.12"]
[EventType "team"]
[EventRounds "9"]
[EventCountry "FRA"]
[SourceTitle "EXT 2005"]
[Source "ChessBase"]
[SourceDate "2004.11.15"]
[SourceVersion "1"]
[SourceVersionDate "2004.11.15"]
[SourceQuality "1"]

1. e4 e5 2. Nc3 Nf6 3. Bc4 Nc6 4. d3 Bb4 5. Nge2 d5 6. exd5 Nxd5 7. 0-0 Nb6 8. Bb3 Bg4 9. Be3 0-0 10. Ne4 Nd4 11. Bxd4 exd4 12. a3 Be7 13. h3 Bh5 14. N4g3 Bg6 15. Nf4 Qd6 16. Qg4 Rad8 17. h4 Kh8 18. h5 f5 19. Nxg6+ Qxg6 20. Qf3 Qg4 21. Qxg4 fxg4 22. Be6 Nd5 23. Bxg4 Rf4 24. Bf3 Nf6 25. Rab1 c6 26. Rfe1 Ng8 27. Re2 Bh4 28. Ne4 Be7 29. Rbe1 Nh6 30. Nd2 Bd6 31. Nc4 Bc5 32. b4 Bb6 33. Re7 Rf7 34. Re8+ Rf8 35. Rxf8+ Rxf8 36. Nd6 a5 37. Nxb7 axb4 38. axb4 Bc7 39. Bxc6 Ng4 40. Re8 Rxe8 41. Bxe8 Kg8 42. Nc5 Nf6 43. Bc6 Nxh5 44. Bd5+ Kh8 45. b5 Nf6 46. Bc4 Bb6 47. Na4 Nd7 48. Bd5 g5 49. Bc6 1-0

[Event "Bretagne tt 0203"]
[Site "Bretagne"]
[Date "2002.10.13"]
[Round "1"]
[White "Ragot, Martin"]
[Black "Padelli, Mael"]
[Result "0-1"]
[WhiteElo "1710"]
[BlackElo "1900"]
[PlyCount "112"]
[EventDate "2002.??.??"]
[EventType "team"]
[EventRounds "9"]
[EventCountry "FRA"]
[SourceTitle "EXT 2004"]
[Source "ChessBase"]
[SourceDate "2003.11.25"]
[SourceVersion "1"]
[SourceVersionDate "2003.11.25"]
[SourceQuality "1"]

1. e4 c5 2. d3 Nc6 3. g3 g6 4. Bg2 Bg7 5. f4 e6 6. c3 Nge7 7. Nf3 0-0 8. 0-0 d5 9. Qe2 d4 10. Rd1 Rb8 11. a4 b6 12. Bd2 Bb7 13. Na3 Na5 14. cxd4 Nb3 15. Rab1 Nxd4 16. Qf2 Qd7 17. b3 Nec6 18. Be3 Rfd8 19. Nc4 Ba6 20. e5 Nxb3 21. Nd6 Nba5 22. Ng5 Rf8 23. Nge4 Nb7 24. Nxb7 Bxb7 25. Nd6 Ba8 26. Qb2 Ne7 27. Ra1 Bxg2 28. Qxg2 Nd5 29. Bf2 Rfd8 30. Ra3 Bf8 31. Nc4 Nb4 32. d4 Nc2 33. Rad3 Qxa4 34. Ne3 Nxd4 35. Ng4 Be7 36. Nh6+ Kg7 37. Ng4 Nc6 38. Rxd8 Rxd8 39. Rxd8 Nxd8 40. Qf3 Qc6 41. Qc3 Qd5 42. Ne3 Qb7 43. Qa3 c4 44. Qc3 b5 45. Nc2 a6 46. h3 Qc7 47. Kh2 Bc5 48. Be1 Nc6 49. g4 a5 50. Bg3 Qa7 51. f5 Bf2 52. Qf3 Bxg3+ 53. Qxg3 Qc5 54. f6+ Kf8 55. Qf3 Qxe5+ 56. Kg2 Qd5 0-1